书目信息 |
| 题名: |
金工实习教材
|
|
| 作者: | 萧泽新 主编 | |
| 分册: | ||
| 出版信息: | 广州 华南理工大学出版社 2004.08 |
|
| 页数: | 158页 | |
| 开本: | 26cm | |
| 丛书名: | ||
| 单 册: | ||
| 中图分类: | TG-45 | |
| 科图分类: | ||
| 主题词: | 金属加工--jin shu jia gong--实习--高等学校--教材 | |
| 电子资源: | ||
| ISBN: | 7-5623-2078-0 | |
| 000 | 00910nam0 2200253 450 | |
| 001 | 012008512972 | |
| 005 | 20080430112532.14 | |
| 010 | @a7-5623-2078-0@dCNY16.00 | |
| 100 | @a20080429d2004 em y0chiy0120 ea | |
| 101 | 0 | @achi |
| 102 | @aCN@b440000 | |
| 105 | @aa a 000yy | |
| 106 | @ar | |
| 200 | 1 | @a金工实习教材@Ajin gong shi xi jiao cai@f萧泽新主编@Fxiao ze xin zhu bian |
| 210 | @a广州@c华南理工大学出版社@d2004.08 | |
| 215 | @a158页@c图@d26cm | |
| 300 | @a面向21世纪普通高校教材 | |
| 320 | @a有书目 (第158页) | |
| 330 | @a本书分4大部分共9章,内容包括:机械制造中的一般加工方法(即铸造、压力加工、焊接、金属热处理、机械切削加工、钳工)、现代制造技术、"工艺实训"实习方法及案例和金工实习中的劳动保护。 | |
| 606 | 0 | @a金属加工@Ajin shu jia gong@x实习@x高等学校@x教材 |
| 690 | @aTG-45@v4 | |
| 701 | 0 | @a萧泽新@Axiao ze xin@4主编 |
| 801 | 0 | @aCN@bQSSK@c20080430 |
| 905 | @b299102-04@dTG-45@eX366@f3 | |
| 金工实习教材/萧泽新主编.-广州:华南理工大学出版社,2004.08 |
| 158页:图;26cm |
| 面向21世纪普通高校教材 |
| ISBN 7-5623-2078-0:CNY16.00 |
| 本书分4大部分共9章,内容包括:机械制造中的一般加工方法(即铸造、压力加工、焊接、金属热处理、机械切削加工、钳工)、现代制造技术、"工艺实训"实习方法及案例和金工实习中的劳动保护。 |
| ● |
| 相关链接 |
|
|
|
正题名:金工实习教材
索取号:TG-45/X366
 
预约/预借
| 序号 | 登录号 | 条形码 | 馆藏地/架位号 | 状态 | 备注 |
| 1 | 299102 | 202991021 | 自科库501/501自科库 24排1列4层/ [索取号:TG-45/X366] | 在馆 | |
| 2 | 299103 | 202991030 | 自科库501/501自科库 24排1列4层/ [索取号:TG-45/X366] | 在馆 | |
| 3 | 299104 | 202991049 | 自科库501/501自科库 24排1列4层/ [索取号:TG-45/X366] | 在馆 |